| 000 | 00622nam a2200157 4500 | ||
|---|---|---|---|
| 001 | 139769 | ||
| 003 | ES-MaACL | ||
| 007 | t| | ||
| 008 | 070214s1931 sp r ||||1| spa d | ||
| 100 | 1 |
_aSchilling, Viktor. _9104365 |
|
| 245 | 1 | 3 |
_aEl cuadro hemático y su valor en la clínica _b: (con inclusión de las enfermedades tropicales...) / _cpor el prof. Dr. Victor Schilling ; traducción de la octava edición alemana por el Dr. D. Ignacio Bofill. |
| 260 |
_aMadrid [etc.] : _bLabor, _c1931. |
||
| 300 |
_aXVI, 364 p. : _bil. ; _c23 cm + _e2 lám. pleg. |
||
| 700 | 1 |
_aBofill, Ignacio. _929774 |
|
| 852 |
_aES-MaACL _jE-586 |
||
| 999 |
_c139769 _d139769 |
||